000 00546nam a2200193 a 4500
001 1770453312592
003 YourLibrary
005 20260207140844.0
008 260207s2007##################000#0#eng##
020 _a9780073280431
082 0 4 _a330
_bCEC
100 1 _aCecchetti, Stephen,
_eauthor.
245 1 0 _aStudy Guide to accompany Money, Banking, and Financial Markets :
260 _bMcGraw-Hill/Irwin,
_c2007.
300 _a532 pages
650 0 _aBusiness & Economics.
942 _cENGLISH
040 _aYourLibrary
_beng
_cYourLibrary
999 _c611021
_d611021